000 00481nam a2200169Ia 4500
999 _c16147
_d16147
003 OSt
005 20200606115855.0
008 190216s9999||||xx |||||||||||||| ||und||
040 _cMESKC library
082 _a954
_bSIN/A
100 _aSingh, Udaynarayan
_9305
245 0 _aAmar Shaheed Mangal Panday /
_c Udaynarayan Singh
260 _b Sabdapeet,
_c1998.
_aAllahabad:
300 _a168p
650 _aHindi
942 _cBK
_2ddc
_h954
_iSIN/A
_k954
_mSIN/A